| 000 | 00753nam a2200277Ia 4500 | ||
|---|---|---|---|
| 001 | Z_6063 | ||
| 003 | CHAP | ||
| 008 | 220113s1994 xx 000 0 und d | ||
| 010 | _a169292 | ||
| 040 | _cCHAP | ||
| 090 | _aFolleto 732 | ||
| 100 |
_aMellado Bosque, Miguel _974360 |
||
| 245 |
_aConstruccion de cercos para ganado bovino / _cMiguel Mellado Bosque |
||
| 260 |
_aMéxico : _bUniversidad Autónoma Agraria Antonio Narro, _c1994 |
||
| 300 | _a71 p. | ||
| 503 | _aej.1: Donación | ||
| 504 | _aBibliografía p. 70-71 | ||
| 650 |
_aCercas _x _x Diseño y construccion _9143847 |
||
| 650 |
_aGanado _x _x Alojamiento _9143848 |
||
| 901 | _aFOLLETO 732 | ||
| 902 | _aM | ||
| 910 | _a1994 | ||
| 942 | _cc14 | ||
| 942 | _cc14 | ||
| 999 |
_c169292 _d169292 |
||